000
00256nam a2200097Ia 4500
001
1040477
005
20250826232023.0
008
250824s9999 xx 000 0 und d
245
0
_a
ŞARKIN KANDİLİ NUREDDİN ZENGİ
_c
ALİ EMRE
260
_b
KETEBE YAYINLARI
999
_c
1040477
_d
1040477